| 000 | 00929cam a2200277 i 4500 | ||
|---|---|---|---|
| 001 | 1288083 | ||
| 003 | ARRUPE | ||
| 005 | 20141219160844.0 | ||
| 008 | 790125s1974 za a b 000 0 eng | ||
| 010 | _a 75980024 | ||
| 040 |
_aDLC _cDLC _dDLC |
||
| 043 | _af-rh--- | ||
| 050 | 0 | 0 |
_aSPC DT965. Z5 _bG233 |
| 100 | 1 |
_aGarlake, Peter S. _910048 |
|
| 245 | 1 | 4 |
_aThe ruins of Zimbabwe _cP. S. Garlake. |
| 260 |
_aLusaka _bNational Educational Co. of Zambia, _c1974. |
||
| 300 |
_a46 p. : _bill. ; _c22 cm. |
||
| 440 |
_aHistorical Association of Zambia _n4 _913490 |
||
| 500 | _a"Historical Association of Zambia, HAZ 4." | ||
| 500 | _aA synopsis of the author's Great Zimbabwe, published in 1973. | ||
| 504 | _aIncludes bibliographical references. | ||
| 651 | 0 |
_aGreat Zimbabwe (Extinct city) _98040 |
|
| 651 | 0 |
_aZimbabwe _xAntiquities. _99546 |
|
| 906 |
_a7 _bcbc _corignew _d4 _encip _f19 _gy-gencatlg |
||
| 942 |
_2lcc _cSPC |
||
| 999 |
_c121466 _d121466 |
||